| 000 | 00650nam a2200241Ia 4500 | ||
|---|---|---|---|
| 003 | OSt | ||
| 005 | 20221007063551.0 | ||
| 006 | a|||||r|||| 00| 0 | ||
| 007 | ta | ||
| 008 | 221006b |||||||| |||| 00| 0 eng d | ||
| 024 | _a28,743 | ||
| 037 | _cTextual | ||
| 040 |
_aFLL _cFLL _beng |
||
| 041 |
_2eng _aeng |
||
| 082 | _aZQ2:1:6qN56, J7;2 | ||
| 100 |
_aChaudhari D.H. _9684499 |
||
| 245 | 0 | _aHindu succession act 1956 | |
| 250 | _a2nd | ||
| 260 |
_aCalcutta _bEastern Law House (Pvt.) Ltd. India _c1957 |
||
| 300 |
_aix,365p _ccm. |
||
| 942 |
_hZQ2:1:6qN56, J7;2 _cTEXL _2CC |
||
| 999 |
_c1131559 _d1131559 |
||